Statistics for Tomorrow by Chris Young - Lyrics

Click here to take the quiz!

General Stats

  • This quiz has been taken 338 times
    (38 since last reset)
  • The average score is 20 of 25

Answer Stats

Tomorrow by Chris Young% Correct
I'm gonna let {you} {go}
97%
But tonight I'm gonna give in {one} {last} {time}
93%
I'm no good for you, you're no {good} {for} {me}
93%
Rock you strong in these {arms} {of} {mine}
93%
But tonight, I'm gonna love you like {there's} {no}
90%
Forget all the regrets that are {bound} {to} {follow}
90%
We're like {fire} {and} {gasoline}
90%
But when I pass {your} {house}
86%
I'm gonna let you go and {walk} {away}
86%
Tomorrow I'm {gonna} {leave} {here}
86%
I won't stop no matter how bad {I} {want} {to}
83%
Tomorrow I'll be {stronger}
83%
And tomorrow, I'm {gonna} {listen}
79%
And walk away like {every} {day} {I} {said} {I} {would}
79%
Like every day I said {I} {would}
79%
Telling me that {we're} {no} {good}
79%
We only bring each other {tears} {and} {sorrow}
79%
I'm not gonna {break} {down}
76%
Baby when we're good, you know we're {great}
72%
To that voice {of} {reason} inside my head
69%
And call you up when my {heart} {cries} {out} {for} {you}
66%
And tomorrow, you won't {believe} {it}
66%
That there's anything worth {trying} {to} {save}
66%
Tomorrow, I'm gonna {leave} {here}
66%
But there's too much bad {for} {us} {to} {think}
62%

Score Distribution

Percentile by Number Answered

Percent of People with Each Score

Your Score History

You have not taken this quiz since the last reset